3 indices - 1 ville #1 - Statistiques

Statistiques générales
  • Ce quiz a été pris 79 349 fois
    78 952 depuis la dernière actualisation
  • Le résultat moyen est 11 sur 20
Statistiques - réponses
Indices Réponse % Correct
Copacabana / Carnaval / Christ rédempteur Rio de Janeiro
95%
Port britannique / Les Beatles / Anfield Liverpool
78%
Sainte-Sophie / Détroit duBosphore / Constantinople Istanbul
75%
Mozart / Château de Schönbrunn / Danube Vienne
73%
Samsung / Gangnam /Palais Gyeongbokgung Séoul
72%
Vignobles / Place de la Bourse / FCGB Bordeaux
71%
Honshu / Nintendo / Ancienne capitale Kyoto
71%
Oktoberfest / Neuschwanstein / Marienplatz Munich
71%
Alcatraz / Golden Gate / Brouillard San Francisco
71%
Musée de l'apartheid / Capitaleéconomique / Nelson Mandela Johannesbourg
62%
L'Ermitage / Saint-Isaac / Léningrad Saint-Pétersbourg
57%
Tour CN / Raptors / Ontario Toronto
57%
Opéra / Harbour Bridge / New South Wales Sydney
52%
Alcazar / Flamenco / Barbier de Beaumarchais Séville
43%
Franz Kafka / Pont Charles /Maison Dansante Prague
30%
Minnewater / Départ du Tour desFlandres / Basilique du Saint-Sang Bruges
29%
Mosquée Hassan II / Rick's Café / Habous Casablanca
26%
Plus vieille université d'Europe / Sauce"Ragù" / Fontaine de Neptune Bologne
21%
Léopoldville / Stade des Martyrs /Tour de l'Échangeur Kinshasa
18%
Capitale des Omeyyades / PalaisAzem / "Chemin de conversion" Damas
13%
Aucun quiz correspondant
Distribution des résultats
% des personnes avec chaque résultat
Percentile par nombre de réponses
Votre historique - résultats
Vous n’avez pas pris ce quiz depuis la dernière actualisation